Pokémon Moves- Flying Type - Statistics

General Stats
  • This quiz has been taken 237 times
  • The average score is 26 of 31
Answer Stats
Hint Answer % Correct
I Fly
99%
I Peck
99%
I Drill Peck
97%
I Wing Attack
97%
III Aerial Ace
96%
III Air Cutter
96%
IV Air Slash
95%
IV Brave Bird
95%
I Gust
95%
I Sky Attack
92%
V Hurricane
91%
IV Tailwind
91%
V Acrobatics
88%
II Aeroblast
88%
III Bounce
86%
IV Roost
83%
VII Beak Blast
80%
III Feather Dance
80%
V Sky Drop
80%
VII Supersonic Skystrike
80%
VIII Max Airstream
79%
IV Pluck
78%
VI Oblivion Wing
74%
IV Defog
71%
VIII Bleakwind Storm
70%
VI Dragon Ascent
70%
IV Chatter
66%
VIII Dual Wingbeat
66%
I Mirror Move
66%
VIII G-Max Wind Rage
61%
VII Floaty Fall
47%
No matching quizzes found
Score Distribution
Percent of People with Each Score
Percentile by Number Answered
Your Score History
You have not taken this quiz